| 000 | 00615nam a2200217Ia 4500 | ||
|---|---|---|---|
| 003 | GCL | ||
| 008 | 140319s9999 xx 000 0 eng d | ||
| 040 |
_aGCL / _cGCL |
||
| 082 | 0 | 4 |
_a621.3 _bH H |
| 100 | 1 | _aSMITH, IANMAK ENZIE | |
| 245 | 1 | 0 |
_aHUGHES ELECTRICAL TECHNOLOGY 6TH ED / _cSMITH, IANMAK ENZIE |
| 700 | 1 | _aHUGHES, EDWARD | |
| 260 |
_a[S.N] : _bEDUCATIONAL LOW-PRICED BOOKS SCHEME ، _c1987 |
||
| 300 | _a656 P | ||
| 650 | 0 | 4 | _aELECTRIC CIRCUIT |
| 650 | 0 | 4 | _aELECTRIC ENGINEERING |
| 650 | 0 | 4 | _aELECTROCARDIOGRAM |
| 650 | 0 | 4 | _aELECTROMAGNETISM |
| 650 | 0 | 4 | _aELECTRICAL TECHNOLOGY |
| 942 |
_2ddc _cBK |
||
| 999 |
_c20107 _d20107 |
||